000 00702nam a22002411 4500
001 sa 68000981
003 DLC
005 20260227112429.0
008 711108s1966 pk b 00000 eng
010 _asa 68000981
025 _aPL480:P-E-1218
043 _aa-ii---
050 0 _aJQ211
_b.Q7
100 1 0 _aQureshi, Ishtiaq Husain.
245 1 4 _aThe administration of the Mughul Empire.
260 0 _a[Karachi]
_bUniversity of Karachi,
_c1966.
300 _a340 p.
_c23 cm.
350 _aRs20
_a$8
490 0 _aPublications of the University of Karachi
500 _aIncludes passages in Arabic.
504 _aBibliography: p. [297]-309.
651 0 _aMogul Empire
_xPolitics and government.
999 _c77604
_d77604